000 00204nam a22000977a 4500
008 150520b xxu||||| |||| 00| 0 eng d
020 _a0393955699
041 0 _aeng
080 _a31
100 1 _aMansfield, Edwin.
999 _c858
_d858